Лебеди Леонардо: роман; пер. с англ.

Détails bibliographiques
Auteur principal: Эссекс К. Карин
Résumé:Италия, конец XV века. Изабелла д'Эсте, дочь герцога Феррары, роскошная блондинка с черными глазами, никогда не завидовала младшей сестре, скромной и наивной Беатриче. Однако помолвка Беатриче с Лодовико Сфорцей, будущим герцогом Милана, изменила все. Лодовико вдвое старше своей нареченной, открыто живет с любовницей и пользуется репутацией коварного и честолюбивого правителя. Но Изабелла чувствует в нем родственную душу: они равны по интеллекту и с одинаковой страстью относятся к проявлениям красоты в жизни и искусстве. И хотя Изабелла замужем за маркизом Мантуанским, она клянется переменить свою судьбу. Она задумывает соблазнить Лодовико и вместе с ним стать вершительницей судеб всей Италии. И еще она страстно желает, чтобы великий Леонардо да Винчи написал ее портрет и запечатлел ее образ для вечности. Однако интриги правителей Италии спутывают все ее планы.
Langue:russe
Publié: Москва, Эксмо, 2007
Collection:Mona Liza
Sujets:
Format: MixedMaterials Livre
KOHA link:https://koha.lib.tpu.ru/cgi-bin/koha/opac-detail.pl?biblionumber=113928

MARC

LEADER 00000nam0a2200000 4500
001 113928
005 20231031122042.0
010 |a 5699204946 
035 |a (RuTPU)RU\TPU\book\123200 
090 |a 113928 
100 |a 20070417d2007 m y0rusy50 ca 
101 1 |a rus  |c eng 
102 |a RU 
105 |a y z 000ay 
200 1 |a Лебеди Леонардо  |e роман  |e пер. с англ.  |f К. Эссекс 
210 |a Москва  |c Эксмо  |d 2007 
215 |a 431 с. 
225 1 |a Mona Liza 
330 |a Италия, конец XV века. Изабелла д'Эсте, дочь герцога Феррары, роскошная блондинка с черными глазами, никогда не завидовала младшей сестре, скромной и наивной Беатриче. Однако помолвка Беатриче с Лодовико Сфорцей, будущим герцогом Милана, изменила все. Лодовико вдвое старше своей нареченной, открыто живет с любовницей и пользуется репутацией коварного и честолюбивого правителя. Но Изабелла чувствует в нем родственную душу: они равны по интеллекту и с одинаковой страстью относятся к проявлениям красоты в жизни и искусстве. И хотя Изабелла замужем за маркизом Мантуанским, она клянется переменить свою судьбу. Она задумывает соблазнить Лодовико и вместе с ним стать вершительницей судеб всей Италии. И еще она страстно желает, чтобы великий Леонардо да Винчи написал ее портрет и запечатлел ее образ для вечности. Однако интриги правителей Италии спутывают все ее планы. 
610 1 |a американская литература 
610 1 |a романы 
610 1 |a исторические романы 
610 1 |a Италия 
610 1 |a 15 век 
675 |a 82  |v 3 
700 1 |a Эссекс  |b К.  |g Карин 
801 1 |a RU  |b 63413507  |c 20070417  |g PSBO 
801 2 |a RU  |b 63413507  |c 20070521  |g PSBO 
942 |c BK